| 000 | 00728nam a22002057a 4500 | ||
|---|---|---|---|
| 003 | JO-AjAnu | ||
| 005 | 20251014153000.0 | ||
| 008 | 251014b jo ||||| |||| 00| 0 ara d | ||
| 020 | _a978-9957-94-890-0 | ||
| 022 | _a5096/10/2022 | ||
| 040 |
_aANU _cJO-AjAnu |
||
| 041 | _hARA | ||
| 100 |
_aالأسد، ناصر الدين _eمؤلف _966834 |
||
| 245 |
_aنحن والعصر : مفاهيم ومصطلحات إسلامية، نحن والآخر : صراع وحوار _c / ناصر الدين الأسد |
||
| 260 |
_aعمان : _bوزارة الثقافة، _c2022 |
||
| 300 | _a308 صفحة | ||
| 490 | _aالقراءة للجميع | ||
| 650 | _vالثقافة الاسلامية-الاسلام | ||
| 942 |
_2lcc _cBK _n0 |
||
| 999 |
_c34089 _d34089 |
||